• 首页
  • 本馆介绍
  • 公告通知
  • 最新文献
  • 馆藏检索
  • 电子资源
  • 读者导购
  • 参考咨询
  • 我的图书馆
  • 登录
  • 详细信息显示
  • 放入我的书架
  • 预约/预借图书
  • 作者相关作品
  • 分类相关作品
  • 丛书相关作品
  • 出版社相关作品

书目信息

  • 表格格式
  • 工作单格式
  • 卡片格式
题名:
网络意见领袖研究
    
 
作者: 王嘉 著
分册:  
出版信息: 北京   中国文史出版社  2014
页数: 247页
开本: 24cm
丛书名:
单 册:
中图分类: D64 , G206.2
科图分类:
主题词: 思想政治教育--研究--中国 , 互联网络--传播媒介--研究--中国
电子资源:
ISBN: 978-7-5034-4906-2
000 01197nam0 2200301 450
001 337855
005 20150529083530.21
010    @a978-7-5034-4906-2@dCNY48.00
100    @a20140719d2014 em y0chiy50 ea
101 0  @achi
102    @aCN@b110000
105    @ay z 000yy
106    @ar
200 1  @a网络意见领袖研究@Awang luo yi jian ling xiu yan jiu@e基于思想政治教育视域@f王嘉著
210    @a北京@c中国文史出版社@d2014
215    @a247页@d24cm
300    @a思想政治教育研究文库
300    @a教育部人文社会科学研究青年项目:网络意见领袖及其思想政治教育应用研究(11YJC710052) 辽宁省社会科学基金规划项目:基于社会网络分析的大学生网络意见领袖研究(L11DZZ060)
304    @a教育部思想政治工作司组编
330    @a本书基于思想政治教育学、网络传播学等理论, 和哲学角度阐释了网络意见领袖的思想政治教育价值, 并给予实证研究, 提出了思想政治教育应对网络意见领袖现象的五个方略。
517 1  @a基于思想政治教育视域@Aji yu si xiang zheng zhi jiao yu shi yu
606 0  @a思想政治教育@x研究@y中国
606 0  @a互联网络@x传播媒介@x研究@y中国
690    @aD64@v5
690    @aG206.2@v5
701  0 @a王嘉@Awang jia@f(1979)@4著
801  0 @aCN@b卓展宏图@c20150525
905    @dD64@e164@f4
    
    网络意见领袖研究:基于思想政治教育视域/王嘉著.-北京:中国文史出版社,2014
    247页;24cm
    思想政治教育研究文库.-教育部人文社会科学研究青年项目:网络意见领袖及其思想政治教育应用研究(11YJC710052) 辽宁省社会科学基金规划项目:基于社会网络分析的大学生网络意见领袖研究(L11DZZ060)
    
    ISBN 978-7-5034-4906-2:CNY48.00
    本书基于思想政治教育学、网络传播学等理论, 和哲学角度阐释了网络意见领袖的思想政治教育价值, 并给予实证研究, 提出了思想政治教育应对网络意见领袖现象的五个方略。
●
相关链接 在E读中查询图书 在五车中查询图书 在当当中查询图书 在豆瓣中查询图书


正题名:网络意见领袖研究     索取号:D64/164         预约/预借

序号 登录号 条形码 馆藏地/架位号 状态 备注
1 856440   208564409   第一样本阅览室/ [索取号:D64/164] 在馆    
2 856441   208564418   第一借阅区/ [索取号:D64/164] 在馆    
3 856442   208564427   第一借阅区/ [索取号:D64/164] 在馆    
4 856443   208564436   密集书库-史法系/ [索取号:D64/164] 在馆    
唐山师范学院图书馆 欢迎您!
大连网信软件有限公司© 版权所有